| 000 | 00354 a2200121 4500 | ||
|---|---|---|---|
| 001 | ART_41332 | ||
| 005 | 20260410161629.0 | ||
| 008 | 260409a | ||
| 245 | 1 | 0 | _aUtilización del solver en el análisis de capital de trabajo |
| 100 | 1 | _aTapia, Gustavo N. | |
| 700 | 1 | _aAire, Carlos | |
| 773 | 0 |
_tEnfoques _g- Nº 3 (mar. 2017) _wREV416 |
|
| 999 |
_c12253 _d12253 |
||